LEADER 01057nam a2200241 i 4500 001 000000155366 003 CaOOAMICUS 005 20090403000000.0 008 090403s1964 it u000 u ita u 013 $a132718 040 $aSeMil$bita 100 1 $aFranciosa, Nicola.$0(OLS)http://semarc/name/60766 245 12$aL'abbazia imperiale di Farfa :$bcontributo al restauro della fabbrica carolingia /$cNicola Franciosa. 260 $aNapoli :$bFausto Fiorentino,$c1964. 300 $a91 p. :$briccamente ill. ;$c24 cm. 500 $aContiene : Bibliografia. - Fondo Card. Giovanni Colombo. 650 4$aFara in Sabina - Abbazia di Farfa.$0(OLS)http://semarc/subject/12738 850 $aSeMil 852 $aSeMil$W1$xVenegono$y1$m3P II 320$j107203$B107203$CSeMilBibl$Z2$F142640 $81 941 1 $a3 961 $aLascito: Colombo Card. Giovanni 996 $6245$aL'abbazia imperiale di Farfa :$bcontributo al restauro della fabbrica carolingia$9(OLS)http://semarc/title/227512 996 $6260$aNapoli :$bFausto Fiorentino$9(OLS)http://semarc/publisher/33775 LEADER 01164nam a2200265 i 4500 001 000000047531 003 CaOOAMICUS 005 20120320000000.0 008 120320s1984 it u000 u ita u 013 $a18701 020 $a88-7610-053-3 040 $aSeMil$bita 100 1 $aCorti, Renato,$c.$0(OLS)http://semarc/name/16279 245 10$aGuai a me se non evangelizzo :$bmeditazioni su coscienza, vita e azione missionaria /$cRenato Corti. 260 $aMilano :$bÀncora,$ccopyr. 1984. 300 $a125 p. ;$c21 cm. 490 0 $aVenite con me in disparte 650 4$aMissioni.$0(OLS)http://semarc/subject/3486 650 4$aMeditazioni.$0(OLS)http://semarc/subject/1352 830 0$aVenite con me in disparte.$0(OLS)http://semarc/title/10083 850 $aSeMil 852 $aSeMil$W1$xVenegono$y1$m2C IV 203$j13686$B13686$CSeMilBibl$Z2$F13686 $81 996 $6020$a88-7610-053-3$9(OLS)http://semarc/number/20260 996 $6245$aGuai a me se non evangelizzo :$bmeditazioni su coscienza, vita e azione missionaria$9(OLS)http://semarc/title/71649 996 $6260$aMilano :$bÀncora$9(OLS)http://semarc/publisher/29763